000 00404nam a22001697a 4500
003 MPLRDC
005 20220104125401.0
008 210129b ||||| |||| 00| 0 eng d
020 _a7-5313-0854-1
082 _a857.9 JLS-2 v.3
100 _a巨龙生
245 _a金蛇奴. 下
_c
260 _a
_b春风文艺出版社
_c
300 _b
650 _a武侠小说
942 _cBK
_o857.9 JLS-2 v.3
999 _c26928
_d26918